| 000 | 00607nam a2200169 a 4500 | ||
|---|---|---|---|
| 001 | 000027106 | ||
| 005 | 20200930030615.0 | ||
| 008 | 110329s1985 dr a 000 0 spa d | ||
| 040 |
_aDO-SdBNP _bspa _cBNPHU |
||
| 245 | 0 | 0 |
_aInvestigaciones agropecuarias 1973-1984 / _cprólogo Leovigildo Bello, Juan Díaz Gómez. |
| 260 |
_aSanto Domingo : _bSecretaría de Estado de Agricultura _bEditora Nivar, _c1985. |
||
| 300 |
_a199 p. ; _c21 cm. |
||
| 700 | 1 |
_aBello, Leovigildo _epról. _954184 |
|
| 700 | 1 |
_aDíaz Gómez, Juan _epról. _954185 |
|
| 710 | 2 |
_aSecretaría de Estado de Agricultura _916449 |
|
| 049 | _aBNPD | ||
| 999 |
_c26598 _d26598 |
||